LEADER 01278nam a2200301 i 4500 001 000000147874 003 CaOOAMICUS 005 20060215000000.0 008 060215s2004 it u000 u ita u 013 $a125175 020 $a88-16-40682-8 040 $aSeMil$bita 100 1 $aVasapollo, Luciano.$0(OLS)http://semarc/name/52134 245 10$aCompetizione globale :$bimperialismi e movimenti di resistenza /$cL. Vasapollo ... [et al.]. 260 $aMilano :$bJaca Book,$c2004. 300 $a333 p. ;$c23 cm. 490 0 $aDi fronte e attraverso ;$v682 490 0 $aSaggi sul capitalismo ;$v10 500 $aContiene : bibliografia essenziale. 650 4$aCapitalismo.$0(OLS)http://semarc/subject/13925 830 0$aDi fronte e attraverso ;$v682.$0(OLS)http://semarc/title/6486 830 0$aSaggi sul capitalismo ;$v10.$0(OLS)http://semarc/title/21837 850 $aSeMil 852 $aSeMil$W1$xVenegono$y1$m3M IV 257$j100409$B100409$CSeMilBibl$Z2$F109279 $81 961 $aRecupero: Seminario di Seveso 996 $6020$a88-16-40682-8$9(OLS)http://semarc/number/136721 996 $6245$aCompetizione globale :$bimperialismi e movimenti di resistenza$9(OLS)http://semarc/title/216243 996 $6260$aMilano :$bJaca Book$9(OLS)http://semarc/publisher/29781 LEADER 01182nam a2200253 i 4500 001 000000124388 003 CaOOAMICUS 005 20251204115527.0 008 040420s1986 it u000 u ita u 013 $a97085 040 $aSeMil$bita 100 1 $aArtioli, Nerio.$0(OLS)http://semarc/name/47657 245 14$aGli affreschi di Camillo Procaccini e Bernardino Campi in San Prospero di Reggio Emilia /$cNerio Artioli ; Elio Monducci. 264 1$a[Reggio Emilia] :$bCassa di Risparmio di Reggio Emilia,$c1986. 300 $a295 p. :$briccamente ill. ;$c34 cm. 650 4$aReggio Emilia - Chiese - San Prospero - Affreschi.$0(OLS)http://semarc/subject/51955 700 1 $aMonducci, Elio.$0(OLS)http://semarc/name/51673 850 $aSeMil 852 $aSeMil$W1$xVenegono$y1$m5H X 7$j78975$B78975$CSeMilBibl$Z2$F82148 $8I 941 1 $a4 961 $aOmaggio: Martini Card. Carlo Maria 996 $6245$aGli affreschi di Camillo Procaccini e Bernardino Campi in San Prospero di Reggio Emilia$9(OLS)http://semarc/title/183054 996 $6264$a[Reggio Emilia] :$bCassa di Risparmio di Reggio Emilia$9(OLS)http://semarc/publisher/46179